000
00206nam a22000857a 4500
008
170624b xxu||||| |||| 00| 0 eng d
100
_9
3660
_a
Kennedy
245
_a
on becoming a counseling
260
_a
Mumbai
_c
2007
999
_c
7074
_d
7074